00967nam a2200229 i 4500001000700000003000900007005001700016007000300033008004100036100002800077245014300105260004800248300003200296490002600328600006300354600007600417700003300493830003400526852003200560999001900592952012600611145242ES-MaACL20240507111649.0t|070214s1961 sp r ||||1| spa d1 aSordo, Enrique.910733010aShakespeare b: su vida y su obra / cpor el crítico literario Enrique Sordo ; revisión religiosa por el Rvdo. P. Ramón Castelltort. aBarcelona : bGassó, c[1961] (fSocitra) a359 p., 2 lám. ; c20 cm.1 aEnciclopedias Gassó17aShakespeare, William, d1564-1616-xBiografías2915853514aShakespeare, William,d1564-1616-xCrítica e interpretación91059931 aCastelltort, Ramón.9366030 aEnciclopedias Gassó9220746 aES-MaACLjC-21799 bR.50440 c145242d145242 00104070aATENEOMbATENEOMcGaleríad2008-01-17eSCl0oC-21799p1151612r2023-02-23 00:00:00w2023-02-23yMONOGRAFIA